<?xml version="1.0" encoding="UTF-8"?>
<collection xmlns="http://www.loc.gov/MARC21/slim">
  <record>
    <leader>00000nam  2200000   4500</leader>
    <controlfield tag="001">INLIS000000000000846</controlfield>
    <controlfield tag="005">20180724140411</controlfield>
    <controlfield tag="008">180724|||||||||   |   |||   |||| ||   | </controlfield>
    <datafield tag="035" ind1=" " ind2=" ">
      <subfield code="0">010-0718000846</subfield>
    </datafield>
    <datafield tag="041" ind1=" " ind2=" ">
      <subfield code="a">id</subfield>
    </datafield>
    <datafield tag="082" ind1=" " ind2=" ">
      <subfield code="a">060</subfield>
    </datafield>
    <datafield tag="090" ind1=" " ind2=" ">
      <subfield code="a">R 060 PIM I 2015</subfield>
    </datafield>
    <datafield tag="100" ind1=" " ind2=" ">
      <subfield code="a">Karjono</subfield>
    </datafield>
    <datafield tag="245" ind1=" " ind2=" ">
      <subfield code="a">Membangun Pelayanan Prima Kekayaan Intelektual Melalui Layanan Elektronik Berbasis IPAS dan Simponi</subfield>
    </datafield>
    <datafield tag="260" ind1=" " ind2=" ">
      <subfield code="a">Jakarta</subfield>
      <subfield code="b">LAN Jakarta</subfield>
      <subfield code="c">2015</subfield>
    </datafield>
    <datafield tag="300" ind1=" " ind2=" ">
      <subfield code="a">70 hlm. lamp.</subfield>
    </datafield>
    <datafield tag="500" ind1=" " ind2=" ">
      <subfield code="a">Jumlah inovasi dalam Proyek Perubahan ada 4 (empat) terdiri atas pelayanan pencatatan Hak Cipta, Pendaftaran Paten, Pendaftaran Merek dan Pendaftaran Desain Industri dan Peraturan Menteri Hukum dan Hak Asasi Manusia. Dalam realita Proyek Perubahan dalam membangun Pelayanan Kekayaan Intelektual melalui Layanan Elektronik berbasis IPAS dan SIMPONI inovasi ada 6 (enam), dua inovasi yang tidak termasuk Proyek Perubahan yaitu Pendaftaran Perpanjangan merek dan penelursuran merek atau Gobal Brand atau juga sering disebut data Merek dunia yang masuk member WIPO</subfield>
    </datafield>
    <datafield tag="650" ind1=" " ind2=" ">
      <subfield code="a">Pelayanan</subfield>
    </datafield>
  </record>
</collection>
